[Event "Ontario-ch U20 U1800"]
[Site "Mississauga"]
[Date "2019.01.13"]
[Round "5.24"]
[White "Yang, Matthew"]
[Black "Xu, William1"]
[Result "1-0"]
[WhiteElo "1475"]
[BlackElo "1328"]
[PlyCount "46"]
[EventDate "2019.01.12"]
[EventType "swiss"]
[EventRounds "5"]
[EventCountry "CAN"]
[SourceTitle "EXT 2022"]
[Source "ChessBase"]
[SourceDate "2021.10.06"]
[SourceVersion "1"]
[SourceVersionDate "2021.10.06"]
[SourceQuality "1"]

1. d4 Nf6 2. Nf3 g6 3. c4 d6 4. Nc3 Bg7 5. Bg5 0-0 6. e3 a6 7. Bd3 Nc6 8. 0-0 e5 9. Qb3 h6 10. Bh4 g5 11. Bg3 Nh7 12. Rad1 exd4 13. exd4 Kh8 14. Rfe1 Rb8 15. c5 g4 16. cxd6 cxd6 17. d5 gxf3 18. dxc6 fxg2 19. Bxh7 Kxh7 20. Bxd6 Be6 21. Qc2+ Kh8 22. c7 Qh4 23. cxb8Q Rxb8 1-0

[Event "Washington op Premier"]
[Site "Seattle"]
[Date "2007.05.28"]
[Round "5"]
[White "Fan, George"]
[Black "Yang, Matthew"]
[Result "1-0"]
[WhiteElo "1685"]
[BlackElo "1757"]
[PlyCount "73"]
[EventDate "2007.05.26"]
[EventType "swiss"]
[EventRounds "6"]
[EventCountry "USA"]
[SourceTitle "EXT 2017"]
[Source "ChessBase"]
[SourceDate "2016.10.25"]
[SourceVersion "1"]
[SourceVersionDate "2016.10.25"]
[SourceQuality "1"]

1. e4 c6 2. d4 d5 3. exd5 cxd5 4. Bd3 Nf6 5. Bf4 Nc6 6. c3 Bg4 7. Qb3 Qd7 8. Nd2 e6 9. Ngf3 Be7 10. Ne5 Qc8 11. Nxg4 Nxg4 12. h3 Nf6 13. 0-0 0-0 14. Nf3 a6 15. Qc2 h6 16. Rae1 Rd8 17. Ne5 Nxe5 18. dxe5 Nd7 19. Bd2 Nc5 20. Bh7+ Kh8 21. f4 d4 22. cxd4 Rxd4 23. Bc3 Rd8 24. Ba5 Rd5 25. Rc1 Qd7 26. f5 Bg5 27. fxe6 Nxe6 28. Rcd1 Nd4 29. Qe4 g6 30. Bxg6 fxg6 31. Bc3 Rd8 32. e6 Qd6 33. Kh1 Rf8 34. Bxd4+ Rxd4 35. Qxd4+ Qxd4 36. Rxf8+ Kg7 37. Rf7+ 1-0